| 000 | 00867 a2200229 4500 | ||
|---|---|---|---|
| 003 | Nust | ||
| 005 | 20221118115557.0 | ||
| 010 | _a 76137795 | ||
| 020 | _a0395055415 | ||
| 040 | _cNust | ||
| 082 | 0 | 0 | _a515,BUC |
| 100 | 1 |
_aBuck, R. Creighton _9103053 |
|
| 245 | 1 | 0 |
_aCalculus of several variables / _cR. Creighton Buck, Alfred B. Willcox. |
| 260 |
_aBoston, _bHoughton Mifflin _c[1971] |
||
| 300 |
_axiv, 329 p. _billus. _c25 cm. |
||
| 490 | 0 | _aHoughton Mifflin GCMC series | |
| 505 | _aChapter 1:- Geometry (Page-1), Chapter 2:- Limits and continuity (Page-43), Chapter 3:- Differentiations (Page-75), Chapter 4:- Multiple Integrals (Page-125), Chapter 5:- Differential Equations (Page-185). | ||
| 650 | 0 | _aCalculus. | |
| 650 | 0 |
_aFunctions of several real variables. _9103054 |
|
| 700 | 1 |
_aWillcox, Alfred B., _d1925- _9103055 |
|
| 942 |
_2ddc _cBK _k515,BUC |
||
| 999 |
_c181027 _d181027 |
||